000 00329nam a2200121Ia 4500
008 231129s1976||||xx |||||||||||||| ||spa||
082 _aHAJ- 0454
100 _aAsociación Filosófica de México
245 0 _aLa filosofí­a actual en América Latina
260 _c1976
264 _aMéxico: Grijalbo 1976
942 _2ddc
_cBKS
999 _c17133
_d17133